000 01089pam a2200265 a 4500
999 _c332167
_d332167
001 4870138
003 NUST
005 20180117110721.0
008 920904s1993 miua bf 000 0 eng
010 _a 92034232
020 _a0873719441 (acidfree paper)
040 _aDLC
_cDLC
_dDLC
050 0 0 _aTD794.5
_b.M39 1993
082 0 0 _a628.4458 REC
_220
245 0 0 _aMaterial recovery facility design manual /
_cCalRecovery and PEER Consultants.
260 _aChelsea, MI :
_bC.K. Smoley,
_cc1993.
300 _a1 v. (various pagings) :
_bill. ;
_c25 cm.
500 _aH.B
504 _aIncludes bibliographical references.
650 0 _aRecycling (Waste, etc.)
_xHandbooks, manuals, etc.
_96433
710 2 _aCalRecovery, Inc.
_96434
710 2 _aPEER Consultants.
_96435
856 4 2 _3Publisher description
_uhttp://www.loc.gov/catdir/enhancements/fy0744/92034232-d.html
906 _a7
_bcbc
_corignew
_d1
_eocip
_f19
_gy-gencatlg
942 _2ddc
_cBK
_kIESE